Giáo trình đại số tuyến tính và hình giải tích ( Dùng cho sinh viên các ngành toán học, cơ học, toán tin ứng dụng )
Enregistré dans:
| Auteur principal: | |
|---|---|
| Format: | Livre |
| Langue: | Undetermined |
| Publié: |
H.
ĐHQG
2003
|
| Sujets: | |
| Tags: |
Ajouter un tag
Pas de tags, Soyez le premier à ajouter un tag!
|
| Thư viện lưu trữ: | Trung tâm Học liệu Trường Đại học Cần Thơ |
|---|
| LEADER | 00629nam a2200181Ia 4500 | ||
|---|---|---|---|
| 001 | CTU_55576 | ||
| 008 | 210402s9999 xx 000 0 und d | ||
| 020 | |b 23500 | ||
| 082 | |a 512.5 | ||
| 082 | |b H507/T2 | ||
| 100 | |a Trần Trọng Huệ | ||
| 245 | 0 | |a Giáo trình đại số tuyến tính và hình giải tích ( Dùng cho sinh viên các ngành toán học, cơ học, toán tin ứng dụng ) | |
| 245 | 0 | |c Trần Trọng Huệ | |
| 260 | |a H. | ||
| 260 | |b ĐHQG | ||
| 260 | |c 2003 | ||
| 650 | |a algebras, linear,geometry, analytic | ||
| 980 | |a Trung tâm Học liệu Trường Đại học Cần Thơ | ||